[Event "51smm A Richter/Lask-Naturns"]
[Site "?"]
[Date "2020.02.08"]
[Round "7.4"]
[White "Billio, Atto"]
[Black "Naegele, Norbert"]
[Result "0-1"]
[WhiteElo "2033"]
[BlackElo "1817"]
[PlyCount "88"]
[EventDate "2020.02.08"]

1. c4 g6 2. g3 Bg7 3. Bg2 Nf6 4. Nc3 d6 5. e4 c5 6. d4 cxd4 7. Qxd4 Nc6 8. Qd2
Qa5 9. Rb1 O-O 10. b3 Ng4 11. Nd5 Qxd2+ 12. Bxd2 Bd4 13. Nh3 e6 14. Nc7 Rb8 15.
Nb5 Rd8 16. Nxd4 Nxd4 17. O-O b5 18. f3 Ne5 19. Bg5 Rd7 20. Rbd1 Nec6 21. cxb5
Rxb5 22. Be3 e5 23. Rf2 Rc5 24. f4 Rc3 25. Bc1 Rc7 26. Ba3 Bg4 27. Rdf1 Nb5 28.
Bb2 Rc5 29. a4 Nbd4 30. Ba3 Rc3 31. Bxd6 Rd7 32. fxe5 Rxb3 33. Nf4 Rdb7 34. Nd5
Be6 35. Rd2 Rb1 36. Rfd1 Kg7 37. Kf2 Rxd1 38. Rxd1 Rb2+ 39. Kf1 Bg4 40. Rc1 Rd2
41. Nc3 Rb2 42. Nb5 Be2+ 43. Ke1 Bxb5 44. axb5 Rxg2 0-1

[Event "51smm A Richter/Lask-Naturns"]
[Site "?"]
[Date "2020.02.08"]
[Round "7.5"]
[White "Gurschler, Thomas"]
[Black "Buglisi, Massimo"]
[Result "0-1"]
[WhiteElo "1869"]
[BlackElo "1930"]
[PlyCount "104"]
[EventDate "2020.02.08"]

1. d4 c5 2. d5 Nf6 3. c4 b5 4. cxb5 a6 5. b6 e6 6. Nc3 Nxd5 7. Nxd5 exd5 8.
Qxd5 Nc6 9. Nf3 Rb8 10. Ne5 Qf6 11. Nxc6 dxc6 12. Qg5 Be7 13. Qxf6 Bxf6 14. e4
Rxb6 15. Rb1 Be6 16. b3 Bd4 17. Bb2 Bxb2 18. Rxb2 c4 19. Be2 a5 20. Kd2 cxb3
21. axb3 Ke7 22. Kc3 Rhb8 23. Rhb1 Kd6 24. Bd3 Ke5 25. g3 g5 26. Bc2 c5 27. Ra2
Rb5 28. Rab2 g4 29. Bd3 Rb4 30. Bc2 c4 31. bxc4 Rxb2 32. Rxb2 Rxb2 33. Kxb2
Bxc4 34. Kc3 Bb5 35. Bd1 Bd7 36. f3 gxf3 37. Bxf3 Bc6 38. Kc4 f5 39. Be2 fxe4
40. Kc5 a4 41. Kb4 Kd4 42. h4 Ke3 43. Bh5 Kf2 44. g4 Kg3 45. g5 Kxh4 46. g6
hxg6 47. Bxg6 e3 48. Bd3 Kg3 49. Ka3 Kf2 50. Kb4 Ke1 51. Bc4 Kd2 52. Bf1 Be4
0-1

[Event "51smm A Richter/Lask-Naturns"]
[Site "?"]
[Date "2020.02.08"]
[Round "7.6"]
[White "Paparella, Nicole Samantha"]
[Black "Naegele, Raimund"]
[Result "1/2-1/2"]
[WhiteElo "1713"]
[BlackElo "1612"]
[PlyCount "27"]
[EventDate "2020.02.08"]

1. e4 c6 2. d4 d5 3. exd5 cxd5 4. Bf4 Nc6 5. c3 Nf6 6. Bd3 Bg4 7. Qb3 Qc8 8.
Nd2 e6 9. Ngf3 Be7 10. O-O O-O 11. Rfe1 Re8 12. Ne5 Bh5 13. Ndf3 a6 14. h3
1/2-1/2

[Event "51smm B Bruneck-Lana"]
[Site "?"]
[Date "2020.02.08"]
[Round "7.1"]
[White "Innerhofer, Stefan"]
[Black "Moling, Patrick"]
[Result "1/2-1/2"]
[WhiteElo "1669"]
[BlackElo "2055"]
[PlyCount "35"]
[EventDate "2020.02.08"]

1. f4 d5 2. Nf3 g6 3. e3 Bg7 4. d4 Nf6 5. Bd3 c5 6. b3 cxd4 7. exd4 O-O 8. O-O
Nc6 9. c3 Rb8 10. a4 Bf5 11. Bxf5 gxf5 12. Ne5 e6 13. Ba3 Re8 14. Nd2 Qc7 15.
Rf3 Ne4 16. Nxe4 fxe4 17. Rh3 h6 18. Qg4 1/2-1/2

[Event "51smm B Bruneck-Lana"]
[Site "?"]
[Date "2020.02.08"]
[Round "7.2"]
[White "Peintner, Andreas"]
[Black "Del Rosso, Peter Karl"]
[Result "1-0"]
[WhiteElo "1926"]
[BlackElo "1538"]
[PlyCount "33"]
[EventDate "2020.02.08"]

1. d4 Nf6 2. c4 c6 3. Nf3 d6 4. Nc3 Bf5 5. Nh4 Bd7 6. e4 e5 7. Nf3 exd4 8. Nxd4
Be7 9. Be2 O-O 10. O-O h6 11. Bf4 Na6 12. Qd2 Kh7 13. Rad1 Nc5 14. b4 Ne6 15.
Nxe6 Bxe6 16. e5 dxe5 17. Qc2+ 1-0

[Event "51smm B Bruneck-Lana"]
[Site "?"]
[Date "2020.02.08"]
[Round "7.3"]
[White "Menghin, Karl"]
[Black "Balzarini, Franco"]
[Result "0-1"]
[WhiteElo "1425"]
[BlackElo "1832"]
[PlyCount "116"]
[EventDate "2020.02.08"]

1. c4 e6 2. g3 d5 3. Bg2 Nf6 4. Nc3 Be7 5. cxd5 exd5 6. d4 O-O 7. Nf3 c6 8. O-O
Re8 9. Re1 Bb4 10. Bg5 Nbd7 11. Qb3 Ba5 12. Nd2 h6 13. Bf4 Bb6 14. Nf3 Nf8 15.
Na4 Ba5 16. Bd2 Bc7 17. Nc5 Rb8 18. Nd3 Ng6 19. Bc3 Ne4 20. Nd2 f5 21. Nxe4
fxe4 22. Nc5 Kh7 23. e3 Qd6 24. Qd1 Rf8 25. Rf1 Nh4 26. f4 Nxg2 27. Kxg2 b6 28.
Nb3 Qe6 29. Rh1 Qh3+ 30. Kg1 Bg4 31. Qf1 Qh5 32. Nd2 Bh3 33. Qd1 Qf5 34. Qe2
Rf6 35. Kf2 Rbf8 36. Rag1 h5 37. Ke1 g6 38. Bb4 R8f7 39. Qf2 a5 40. Bc3 Bd6 41.
Kd1 Ra7 42. a3 b5 43. Nb3 b4 44. axb4 axb4 45. Bd2 Qc8 46. Kc2 Qa6 47. Nc1 Qc4+
48. Kb1 b3 49. Bc3 Qa4 50. Nxb3 Qxb3 51. g4 Bxg4 52. Rxg4 hxg4 53. Qh4+ Kg7 54.
Qxg4 Qa2+ 55. Kc2 Qc4 56. h4 Qd3+ 57. Kb3 Rb7+ 58. Ka2 Qc2 0-1

[Event "51smm B Bruneck-Lana"]
[Site "?"]
[Date "2020.02.08"]
[Round "7.4"]
[White "Niederkofler, Andreas"]
[Black "Unterthurner, Walter"]
[Result "1-0"]
[WhiteElo "1805"]
[BlackElo "1372"]
[PlyCount "77"]
[EventDate "2020.02.08"]

1. e4 e5 2. Nf3 Nc6 3. d4 exd4 4. Nxd4 Nf6 5. Nxc6 bxc6 6. e5 Nd5 7. c4 Nb6 8.
Nc3 d6 9. Bf4 Be6 10. b3 Be7 11. Be2 O-O 12. O-O d5 13. cxd5 Nxd5 14. Nxd5 cxd5
15. Qc2 c5 16. Bd3 g6 17. Bh6 Re8 18. Rad1 Qb6 19. Kh1 Rac8 20. f4 c4 21. bxc4
dxc4 22. Be4 Bg4 23. Rb1 Qe3 24. Rbe1 Qb6 25. h3 Be6 26. f5 gxf5 27. Be3 Qa6
28. Bxf5 Bxf5 29. Qxf5 Qg6 30. Qd7 Bh4 31. Bf2 Rcd8 32. Qxa7 Re7 33. Qc5 Bg5
34. Qxc4 Re6 35. Re2 Rde8 36. Rfe1 Rc6 37. Qg4 h5 38. Qg3 Rc4 39. Be3 1-0

[Event "51smm B Groeden2-Kaltern/Tramin2"]
[Site "?"]
[Date "2020.02.08"]
[Round "7.1"]
[White "Maier, Fridolin"]
[Black "Knottner, Klaus"]
[Result "0-1"]
[WhiteElo "1805"]
[BlackElo "1627"]
[PlyCount "68"]
[EventDate "2020.02.08"]

1. e4 e5 2. Nf3 Nc6 3. Bc4 Bc5 4. c3 Nf6 5. d3 d6 6. Nbd2 Na5 7. Bb3 Nxb3 8.
axb3 a6 9. h3 O-O 10. g4 Re8 11. Nf1 d5 12. Qe2 dxe4 13. dxe4 Be6 14. Qc2 Bc8
15. Ng3 b5 16. g5 Nd7 17. h4 Nf8 18. h5 g6 19. Be3 Bxe3 20. fxe3 Qd6 21. hxg6
fxg6 22. Rd1 Qb6 23. Ke2 Bg4 24. Qd2 c6 25. Qd6 Ra7 26. Qd2 Ne6 27. Rh4 Bxf3+
28. Kxf3 Nxg5+ 29. Kg2 Rf7 30. Rf1 Ref8 31. Qd6 Qxe3 32. Qxe5 Rxf1 33. Nxf1
Qf2+ 34. Kh1 Qxh4+ 0-1

[Event "51smm B Groeden2-Kaltern/Tramin2"]
[Site "?"]
[Date "2020.02.08"]
[Round "7.2"]
[White "Kasslatter, Matthias"]
[Black "Thaler, Elmar"]
[Result "0-1"]
[WhiteElo "1493"]
[BlackElo "1679"]
[PlyCount "54"]
[EventDate "2020.02.08"]

1. e4 c6 2. d4 d5 3. exd5 cxd5 4. Nc3 Nf6 5. Nf3 Bg4 6. Bb5+ Nbd7 7. Qd3 e6 8.
Ne5 Bf5 9. Qe2 Be7 10. Bg5 O-O 11. Nxd7 Nxd7 12. Bxe7 Qxe7 13. Nxd5 Qd6 14. Nc3
Rfd8 15. O-O Nf6 16. Rad1 Qb4 17. Na4 a6 18. b3 Qxb5 19. c4 Qb4 20. Nc5 b6 21.
Nd3 Qc3 22. Ne5 Rxd4 23. Rxd4 Qxd4 24. Rd1 Qc5 25. g4 Bg6 26. h4 h5 27. gxh5
Bxh5 0-1

[Event "51smm B Groeden2-Kaltern/Tramin2"]
[Site "?"]
[Date "2020.02.08"]
[Round "7.3"]
[White "Unterkofler, Alex"]
[Black "Grossrubatscher, Johann"]
[Result "1/2-1/2"]
[WhiteElo "1695"]
[BlackElo "1537"]
[PlyCount "81"]
[EventDate "2020.02.08"]

1. e4 d5 2. exd5 Qxd5 3. Nf3 Nf6 4. d4 Bg4 5. Be2 e6 6. O-O Nc6 7. h3 Bh5 8. c4
Qd8 9. Nc3 Be7 10. Be3 O-O 11. a3 a6 12. d5 exd5 13. cxd5 Nb8 14. Qb3 b6 15.
Rfd1 Bd6 16. Rac1 Nbd7 17. Nd4 Nc5 18. Qc2 Bg6 19. Qd2 Re8 20. Bg5 Be5 21. Bc4
b5 22. Nc6 Bxc3 23. Qxc3 Qd6 24. Bxf6 gxf6 25. Bf1 Ne4 26. Qf3 Ng5 27. Qg3 Qxg3
28. fxg3 Re3 29. Re1 Rxg3 30. Ne7+ Kf8 31. Rxc7 Be4 32. Kh2 Rb3 33. h4 Nf3+ 34.
gxf3 Bxf3 35. d6 Rd8 36. Nf5 Bg4 37. Nh6 Rxb2+ 38. Kg3 Be6 39. Rd1 Kg7 40. Ng4
h5 41. Nh2 1/2-1/2

[Event "51smm B Groeden2-Kaltern/Tramin2"]
[Site "?"]
[Date "2020.02.08"]
[Round "7.4"]
[White "Klassen, Tobias"]
[Black "Florian, Andreas"]
[Result "0-1"]
[WhiteElo "1279"]
[BlackElo "1535"]
[PlyCount "76"]
[EventDate "2020.02.08"]

1. d4 {[%emt 0:00:00]} 1... d5 2. Nc3 e6 3. Bf4 Nf6 4. Nf3 c5 5. e3 a6 6. Bd3
Nc6 7. O-O Bd6 8. Ne5 Qc7 9. Nxc6 Bxf4 10. exf4 bxc6 11. dxc5 Qxf4 12. Ne2 Qb4
13. Ng3 Qxc5 14. Nh5 Nxh5 15. Qxh5 Qe7 16. f4 g6 17. Qh6 Qf8 18. Qg5 Qg7 19. f5
exf5 20. Rae1+ Be6 21. Bxf5 Qd4+ 22. Kh1 gxf5 23. Rxf5 Kf8 24. Qh6+ Ke7 25.
Rfe5 Qg4 26. Rg5 Qf4 27. Qh5 Rhg8 28. Rf5 Qg4 29. Qxf7+ Kd8 30. Qf6+ Kc7 31.
Qe7+ Kb6 32. Rf2 Raf8 33. Rfe2 Qxe2 34. Qb4+ Qb5 35. Qd4+ Kb7 36. h3 Rf1+ 37.
Rxf1 Qxf1+ 38. Kh2 Qxg2# 0-1

[Event "51smm B Klausen2-Steinegg"]
[Site "?"]
[Date "2020.02.08"]
[Round "7.1"]
[White "Engl, Stefan"]
[Black "Schrott, Karl"]
[Result "0-1"]
[WhiteElo "1984"]
[BlackElo "1960"]
[PlyCount "82"]
[EventDate "2020.02.08"]

1. e4 c5 2. Nc3 d6 3. f4 Nc6 4. Bb5 Bd7 5. Nf3 g6 6. O-O Bg7 7. d3 Nf6 8. Qe1
O-O 9. Bc4 Nd4 10. Nxd4 cxd4 11. Ne2 b5 12. Bb3 Qb6 13. Kh1 a5 14. c3 a4 15.
Bc2 dxc3 16. bxc3 Rac8 17. Rb1 Qc5 18. Rb4 Ng4 19. d4 Qc7 20. Bd2 e5 21. h3 Nf6
22. Bd3 Nh5 23. Bxb5 Bxb5 24. Rxb5 Qc4 25. Rb4 Qxe2 26. Qxe2 Ng3+ 27. Kh2 Nxe2
28. fxe5 Nxc3 29. Bxc3 Rxc3 30. exd6 f6 31. Rxa4 Rd8 32. Rb1 Rc6 33. Ra7 Rcxd6
34. Rbb7 Bf8 35. d5 h5 36. Kg3 g5 37. Kf3 f5 38. exf5 Rxd5 39. Rf7 Re5 40. f6
Rd3+ 41. Kf2 Bc5+ 0-1

[Event "51smm B Klausen2-Steinegg"]
[Site "?"]
[Date "2020.02.08"]
[Round "7.2"]
[White "Sigmund, Ingenuin"]
[Black "Pichler, Martin"]
[Result "0-1"]
[WhiteElo "1701"]
[BlackElo "1835"]
[PlyCount "44"]
[EventDate "2020.02.08"]

1. Nf3 g6 2. e4 Bg7 3. c3 d6 4. Bc4 Nf6 5. d3 O-O 6. O-O Nc6 7. h3 a6 8. a4 e5
9. Be3 Qe7 10. b4 Be6 11. Bxe6 Qxe6 12. Nbd2 Nh5 13. Qb3 Qd7 14. Rad1 Kh8 15.
Nc4 b5 16. axb5 axb5 17. Nb2 f5 18. Ra1 Rae8 19. c4 fxe4 20. dxe4 Rxf3 21. gxf3
Qxh3 22. cxb5 Nd4 0-1

[Event "51smm B Klausen2-Steinegg"]
[Site "?"]
[Date "2020.02.08"]
[Round "7.3"]
[White "Engl, Alexander"]
[Black "Rabanser, Harald"]
[Result "1-0"]
[WhiteElo "1803"]
[BlackElo "1552"]
[PlyCount "67"]
[EventDate "2020.02.08"]

1. e4 c5 2. Nc3 e6 3. f4 a6 4. Nf3 Nc6 5. Be2 Nge7 6. O-O d5 7. d3 d4 8. Nb1
Ng6 9. Qe1 Be7 10. Na3 b5 11. c3 O-O 12. Nc2 dxc3 13. bxc3 Qc7 14. g3 Rd8 15.
d4 cxd4 16. cxd4 Na5 17. Ne3 Bb7 18. Bd2 b4 19. Bd3 Nc6 20. Rc1 Qd7 21. d5 exd5
22. Nxd5 Bf8 23. Bb1 Qg4 24. Kg2 Rab8 25. h3 Qd7 26. Be3 Re8 27. Qd2 Bc8 28.
Rfd1 Qxh3+ 29. Kf2 Bb7 30. Rh1 Qc8 31. Nd4 Nge7 32. Nxb4 Qd7 33. e5 Nxd4 34.
Bxh7+ 1-0

[Event "51smm B Klausen2-Steinegg"]
[Site "?"]
[Date "2020.02.08"]
[Round "7.4"]
[White "Steger, Andreas"]
[Black "Lantschner, Carmen"]
[Result "0-1"]
[WhiteElo "1531"]
[BlackElo "1669"]
[PlyCount "100"]
[EventDate "2020.02.08"]

1. Nf3 g6 2. c4 Bg7 3. Nc3 d6 4. e3 Nf6 5. Be2 c5 6. d4 cxd4 7. exd4 O-O 8. O-O
Nc6 9. h3 Bf5 10. Bf4 Rc8 11. Rc1 Re8 12. Qd2 d5 13. Nxd5 Nxd5 14. cxd5 Qxd5
15. Bc4 Qa5 16. Qxa5 Nxa5 17. b3 Nxc4 18. Rxc4 Bd3 19. Rxc8 Rxc8 20. Rc1 Rxc1+
21. Bxc1 Kf8 22. Ne5 Bb1 23. a3 f6 24. Nc4 Bc2 25. Na5 b6 26. Nc6 Bxb3 27. Nxa7
Ba4 28. Nc8 b5 29. Nb6 Bb3 30. Nd7+ Ke8 31. Nc5 Bc4 32. f3 f5 33. Be3 f4 34.
Bf2 Kd8 35. Ne4 Kc7 36. g3 e5 37. dxe5 Bxe5 38. g4 Kc6 39. Be1 Kd5 40. Kg2 Bd3
41. Ng5 h6 42. Nf7 Bg7 43. Bd2 g5 44. h4 Bg6 45. Nd8 Bf6 46. Nb7 Be7 47. hxg5
hxg5 48. Bc1 Bf7 49. Na5 Kc5 50. Nb3+ Bxb3 0-1

[Event "51smm B Klausen2-Steinegg"]
[Site "?"]
[Date "2020.02.08"]
[Round "7.5"]
[White "Schroffenegger, Simon"]
[Black "Hartmann, Alois Eugen"]
[Result "1-0"]
[WhiteElo "1527"]
[BlackElo "1462"]
[PlyCount "47"]
[EventDate "2020.02.08"]

1. e4 {[%emt 0:00:00]} 1... e6 2. d4 d5 3. exd5 exd5 4. Nf3 Nf6 5. Be2 Bd6 6.
Nc3 c6 7. O-O O-O 8. Bg5 h6 9. Bh4 Bg4 10. Ne5 Bxe2 11. Qxe2 g5 12. Bg3 Re8 13.
Qd1 Nbd7 14. Nxf7 Kxf7 15. Bxd6 Re6 16. Bg3 Qe7 17. f4 Kg7 18. fxg5 hxg5 19.
Qd2 Ne4 20. Qd3 Nxc3 21. Qxc3 Re8 22. Rae1 Re3 23. Be5+ Nxe5 24. Rxe3 1-0

[Event "51smm B Merania-Ridnaun"]
[Site "?"]
[Date "2020.02.08"]
[Round "7.1"]
[White "Obermueller, Johann"]
[Black "Teutsch, Alexander"]
[Result "0-1"]
[WhiteElo "1668"]
[BlackElo "2061"]
[PlyCount "38"]
[EventDate "2020.02.08"]

1. d4 Nf6 2. c3 g6 3. e3 Bg7 4. f4 O-O 5. Bd3 d6 6. Nf3 Nc6 7. O-O e5 8. fxe5
dxe5 9. Bc2 Re8 10. Na3 Be6 11. Bb3 Bd5 12. Nc4 Ng4 13. h3 e4 14. Nh2 Nh6 15.
Ng4 Nf5 16. Qe1 h5 17. Nh2 Qg5 18. Qf2 Ng3 19. Qf4 Ne2+ 0-1

[Event "51smm B Merania-Ridnaun"]
[Site "?"]
[Date "2020.02.08"]
[Round "7.2"]
[White "Battiston, Claudio"]
[Black "Helfer, August"]
[Result "1/2-1/2"]
[WhiteElo "1812"]
[BlackElo "1628"]
[PlyCount "66"]
[EventDate "2020.02.08"]

1. e4 d6 2. d4 g6 3. Nf3 Bg7 4. Bc4 e6 5. O-O Ne7 6. Nc3 O-O 7. Bf4 a6 8. a4 b6
9. Qd2 Bb7 10. Bb3 Nd7 11. Bh6 Nf6 12. Bxg7 Kxg7 13. Rfe1 c5 14. Rad1 d5 15.
exd5 Nexd5 16. dxc5 bxc5 17. Qg5 Qe7 18. Nxd5 Nxd5 19. Qxe7 Nxe7 20. Rd7 Bxf3
21. Rxe7 Bd5 22. Bxd5 exd5 23. R7e5 Rab8 24. Rxd5 Rfc8 25. Rb1 Rb4 26. b3 c4
27. g3 Rcb8 28. Rd6 Rxa4 29. bxa4 Rxb1+ 30. Kg2 Rc1 31. Rxa6 Rxc2 32. Rc6 c3
33. a5 Ra2 1/2-1/2

[Event "51smm B Merania-Ridnaun"]
[Site "?"]
[Date "2020.02.08"]
[Round "7.3"]
[White "Sparber, Werner"]
[Black "Zuev, Mikhail"]
[Result "0-1"]
[WhiteElo "1625"]
[BlackElo "1692"]
[PlyCount "90"]
[EventDate "2020.02.08"]

1. d4 Nf6 2. c4 g6 3. Nc3 Bg7 4. e4 d6 5. Nf3 O-O 6. Bd3 Bg4 7. h3 Bxf3 8. Qxf3
Nc6 9. Be3 Nd7 10. d5 Nce5 11. Qe2 Nxd3+ 12. Qxd3 f5 13. exf5 Rxf5 14. O-O b6
15. Rac1 Ne5 16. Qe4 Qd7 17. f4 Nf7 18. g4 Rf6 19. Bd4 e5 20. dxe6 Rxe6 21.
Qxa8+ Re8 22. Qf3 Bxd4+ 23. Kg2 g5 24. fxg5 Bxc3 25. Rxc3 Nxg5 26. Qd5+ Ne6 27.
Rcf3 c6 28. Qh5 Re7 29. Qh6 Qe8 30. R1f2 d5 31. cxd5 cxd5 32. b3 d4 33. h4 Rd7
34. Kg1 d3 35. h5 Rd4 36. Kh1 Qc6 37. Qe3 d2 38. h6 d1=Q+ 39. Kh2 Qd6+ 40. Kg2
Rxg4+ 41. Kh3 Rh4+ 42. Kxh4 Q1d4+ 43. Kh3 Qxe3 44. Rxe3 Ng5+ 45. Kh4 Qd4+ 0-1

[Event "51smm B Merania-Ridnaun"]
[Site "?"]
[Date "2020.02.08"]
[Round "7.5"]
[White "Gasteiger, Josef"]
[Black "Wild, Alex"]
[Result "1-0"]
[WhiteElo "1347"]
[BlackElo "1589"]
[PlyCount "52"]
[EventDate "2020.02.08"]

1. Nf3 g6 2. e4 Bg7 3. Bc4 e6 4. d4 Ne7 5. Nc3 O-O 6. O-O b6 7. Be3 Bb7 8. a3
d6 9. Qd2 Nd7 10. Bh6 Rc8 11. Rad1 Nf6 12. Bd3 Ng4 13. Bxg7 Kxg7 14. Qf4 Nh6
15. Rfe1 Neg8 16. h3 Nf6 17. e5 Nh5 18. Qe3 Bxf3 19. Qxf3 Qg5 20. Ne4 Qe7 21.
g4 f5 22. exf6+ Nxf6 23. g5 Nf5 24. gxf6+ Rxf6 25. Nxf6 Qxf6 26. Bxf5 gxf5 1-0

[Event "51smm B Taufers-Gries"]
[Site "?"]
[Date "2020.02.08"]
[Round "7.5"]
[White "Niederstaetter, Harald"]
[Black "Innerbichler, Robert"]
[Result "1/2-1/2"]
[WhiteElo "1880"]
[BlackElo "1446"]
[PlyCount "85"]
[EventDate "2020.02.08"]

1. d4 d5 2. Bg5 Nf6 3. e3 Nbd7 4. Nf3 g6 5. Bd3 Bg7 6. O-O O-O 7. c4 c6 8. Nc3
dxc4 9. Bxc4 Nb6 10. Bd3 h6 11. Bh4 Re8 12. Qc2 g5 13. Bg3 Nbd7 14. h3 g4 15.
hxg4 Nxg4 16. Rad1 Qa5 17. Qe2 e5 18. Bf5 Ndf6 19. Bxc8 Raxc8 20. Nxe5 h5 21.
Nc4 Qg5 22. Nd6 Nxe3 23. fxe3 Qxg3 24. Nf5 Qg5 25. Rf3 Re6 26. Rdf1 Rce8 27.
Qf2 Ng4 28. Qg3 f6 29. d5 Re5 30. d6 Rd8 31. Qf4 Qxf4 32. Rxf4 Rxf5 33. Rxf5
Nxe3 34. Ne4 Nxf1 35. Kxf1 h4 36. Ke2 Kf7 37. Kf3 Ke6 38. Rh5 b6 39. Rxh4 f5
40. Ng5+ Kf6 41. Kf4 Rxd6 42. Nf3 Kg6 43. b3 1/2-1/2

[Event "51smm A Brixen/Milland-Arci"]
[Site "?"]
[Date "2020.02.21"]
[Round "8.1"]
[White "Perino, Alberto"]
[Black "Sader, Michael"]
[Result "1-0"]
[WhiteElo "1858"]
[BlackElo "2128"]
[PlyCount "85"]
[EventDate "2020.02.21"]

1. c4 Nf6 2. g3 c6 3. Bg2 d5 4. cxd5 cxd5 5. Nf3 Nc6 6. d4 Bf5 7. O-O e6 8. Bg5
Be7 9. Nc3 O-O 10. Bxf6 Bxf6 11. e3 Qa5 12. a3 Rfc8 13. b4 Qd8 14. Rc1 Be7 15.
Qb3 a5 16. b5 a4 17. Nxa4 Na5 18. Rxc8 Rxc8 19. Qb2 Rc2 20. Qa1 Bd3 21. Rb1 Rc8
22. Rb2 Nc4 23. Ra2 Na5 24. Bf1 Nb3 25. Qb2 Rc1 26. Nd2 Nxd2 27. Qxc1 Nxf1 28.
Qb2 Qc7 29. Ra1 Qc4 30. Nc3 h5 31. Rc1 h4 32. Ne2 Bxe2 33. Rxc4 Bxc4 34. a4 h3
35. a5 e5 36. dxe5 Bc5 37. a6 bxa6 38. b6 Bxb6 39. Qxb6 Nd2 40. e6 Nf3+ 41. Kh1
fxe6 42. Qxe6+ Kh8 43. Qe8+ 1-0

[Event "51smm A Brixen/Milland-Arci"]
[Site "?"]
[Date "2020.02.21"]
[Round "8.2"]
[White "Brenninger, Daniel"]
[Black "De Nisi, Roberta"]
[Result "1-0"]
[WhiteElo "2061"]
[BlackElo "1781"]
[PlyCount "65"]
[EventDate "2020.02.21"]

1. e4 e6 2. d4 d5 3. Nd2 Nf6 4. e5 Nfd7 5. Bd3 c5 6. c3 Nc6 7. Ne2 Qb6 8. Nf3
cxd4 9. cxd4 Be7 10. O-O f6 11. Nf4 Nf8 12. exf6 gxf6 13. Re1 Bd7 14. b4 O-O-O
15. a3 Kb8 16. b5 Nxd4 17. Nxd5 exd5 18. Rxe7 Nfe6 19. a4 Nxf3+ 20. Qxf3 Qd4
21. Rb1 Ng5 22. Qf4+ Qxf4 23. Bxf4+ Ka8 24. Bc7 Bc8 25. Bxd8 Rxd8 26. h4 Ne4
27. Rc1 Nd6 28. Rxh7 f5 29. f3 f4 30. Rh6 Kb8 31. Rf6 Nc4 32. Bxc4 dxc4 33.
Rxc4 1-0

[Event "51smm A Brixen/Milland-Arci"]
[Site "?"]
[Date "2020.02.21"]
[Round "8.3"]
[White "Keim, Simon"]
[Black "Kofler, Thomas"]
[Result "0-1"]
[WhiteElo "1668"]
[BlackElo "1972"]
[PlyCount "58"]
[EventDate "2020.02.21"]

1. e4 e5 2. Nc3 Nf6 3. f4 d6 4. Nf3 Nbd7 5. d4 exd4 6. Qxd4 g6 7. Bc4 h6 8. a3
Bg7 9. O-O O-O 10. e5 Nh7 11. Qd3 Nb6 12. Ba2 Bf5 13. Qe2 d5 14. Be3 c6 15. Nd4
Bc8 16. Rad1 Qe7 17. Nb3 Re8 18. Bc5 Qh4 19. Bxb6 axb6 20. Qf2 Qxf2+ 21. Rxf2
Nf8 22. Nd4 Ne6 23. Nce2 b5 24. Rff1 b4 25. Nxe6 Bxe6 26. c4 dxc4 27. Rc1 bxa3
28. bxa3 b5 29. Nd4 Rxa3 0-1

[Event "51smm A Brixen/Milland-Arci"]
[Site "?"]
[Date "2020.02.21"]
[Round "8.4"]
[White "Wisthaler, Lukas"]
[Black "Rinaldo, Gaetano"]
[Result "1-0"]
[WhiteElo "1861"]
[BlackElo "1714"]
[PlyCount "59"]
[EventDate "2020.02.21"]

1. e4 e6 2. c4 c5 3. Nf3 Nc6 4. Nc3 d6 5. d4 cxd4 6. Nxd4 Nf6 7. Be2 Qa5 8. O-O
Nxd4 9. Qxd4 a6 10. Be3 Bd7 11. Qd2 Bc6 12. f3 Be7 13. Rfd1 O-O 14. Nd5 Qd8 15.
Bb6 Qe8 16. Nxe7+ Qxe7 17. Qxd6 Qxd6 18. Rxd6 g5 19. Rad1 h6 20. Be3 Ne8 21.
R6d2 Nc7 22. h4 f6 23. hxg5 hxg5 24. e5 Kf7 25. Kf2 Rg8 26. Rd7+ Kg6 27. Rxc7
Rac8 28. Rxc8 Rxc8 29. exf6 Kxf6 30. b3 1-0

[Event "51smm A Brixen/Milland-Arci"]
[Site "?"]
[Date "2020.02.21"]
[Round "8.5"]
[White "Feichter, Matthias"]
[Black "Hellweg, Stephan"]
[Result "0-1"]
[WhiteElo "1498"]
[BlackElo "1770"]
[PlyCount "80"]
[EventDate "2020.02.21"]

1. e4 e5 2. Nf3 Nc6 3. d4 exd4 4. c3 d6 5. cxd4 Nf6 6. Nc3 Be7 7. Bc4 O-O 8. h3
h6 9. O-O a6 10. Re1 b5 11. Bb3 Na5 12. Bc2 Bb7 13. a3 Re8 14. Bf4 Nh7 15. Qd3
Nf8 16. Bd2 c5 17. dxc5 dxc5 18. Qxd8 Bxd8 19. Nd5 Nc6 20. Rad1 Ne6 21. Bc3 Rc8
22. Bb1 a5 23. b4 axb4 24. axb4 c4 25. e5 Ne7 26. Be4 Nxd5 27. Bxd5 Bxd5 28.
Rxd5 Nc7 29. Rd7 Ne6 30. g3 Be7 31. Red1 Ra8 32. Ra1 Rxa1+ 33. Bxa1 Bxb4 34.
Nd4 Ra8 35. Nc2 Bc5 36. Bc3 Ra2 37. Nb4 Rxf2 38. Kh1 Rf3 39. Nd5 Rxg3 40. Kh2
Rd3 0-1

[Event "51smm A Brixen/Milland-Arci"]
[Site "?"]
[Date "2020.02.21"]
[Round "8.6"]
[White "Ellemund, Gabriel"]
[Black "Rizzardi, Roberto"]
[Result "1-0"]
[WhiteElo "1644"]
[BlackElo "1493"]
[PlyCount "107"]
[EventDate "2020.02.21"]

1. d4 d5 2. Bf4 Bf5 3. e3 e6 4. Nf3 Bd6 5. Bg3 Bxg3 6. hxg3 Nf6 7. c4 dxc4 8.
Na3 c6 9. Nxc4 Qe7 10. Qb3 O-O 11. Be2 Be4 12. Rc1 Bd5 13. Qc2 Be4 14. Bd3 Bxd3
15. Qxd3 Nbd7 16. g4 g6 17. g5 Nd5 18. a3 f6 19. gxf6 Qxf6 20. O-O Rad8 21. Qe4
Qf5 22. Nd6 Qxe4 23. Nxe4 N7f6 24. Nc5 Rfe8 25. Nxb7 Rd7 26. Nc5 Rc7 27. Ne5
Ree7 28. b4 Nb6 29. Rc2 Nfd7 30. Nexd7 Nxd7 31. Nxd7 Rexd7 32. Rc5 Rd5 33. Rfc1
Rxc5 34. Rxc5 a6 35. Kf1 Kf7 36. Ke2 Ke7 37. g4 Kd6 38. f4 Rf7 39. Kd3 Rb7 40.
Kc4 Rb5 41. g5 Rb7 42. a4 Rb8 43. Ra5 Rb6 44. e4 Kc7 45. Kc5 Kb7 46. b5 cxb5
47. axb5 axb5 48. Rxb5 Rxb5+ 49. Kxb5 Kc7 50. Kc5 Kd7 51. e5 Kc7 52. d5 exd5
53. Kxd5 Kd7 54. e6+ 1-0

[Event "51smm A Deutschnofen-Klausen"]
[Site "?"]
[Date "2020.02.21"]
[Round "8.1"]
[White "Schacher, Gerd"]
[Black "Zamengo, Fulvio"]
[Result "0-1"]
[WhiteElo "2278"]
[BlackElo "2303"]
[PlyCount "146"]
[EventDate "2020.02.21"]

1. Nf3 c5 2. c4 Nc6 3. b3 Nf6 4. Bb2 d5 5. cxd5 Qxd5 6. Nc3 Qd7 7. e3 e6 8. Rc1
Bd6 9. Na4 Qe7 10. Qc2 Nb4 11. Qb1 O-O 12. a3 Na6 13. Bd3 e5 14. Nc3 h6 15. Nb5
Bb8 16. Nh4 e4 17. Bc4 Re8 18. f4 Be6 19. O-O Qd8 20. Qc2 Bxc4 21. bxc4 Bc7 22.
Nf5 Re6 23. Ng3 Ba5 24. Rcd1 Qd3 25. Qxd3 exd3 26. f5 Rb6 27. Bxf6 Rxf6 28. Ne4
Rb6 29. Rf3 Rd8 30. Nf2 Nb8 31. e4 a6 32. Nc3 Bxc3 33. dxc3 d2 34. Rd3 Rxd3 35.
Nxd3 Nd7 36. Rxd2 Rb3 37. Nc1 Rb1 38. Rxd7 Rxc1+ 39. Kf2 Rxc3 40. Rxb7 Rxc4 41.
Rb8+ Kh7 42. Rb6 Rxe4 43. Rxa6 Rf4+ 44. Ke3 Rxf5 45. Rc6 Rh5 46. h3 Re5+ 47.
Kf3 h5 48. a4 g6 49. a5 c4 50. a6 Ra5 51. h4 c3 52. Rxc3 Rxa6 53. g3 Kg7 54.
Rc5 Kf6 55. Rb5 Ke6 56. Kf4 Ra4+ 57. Kf3 Rd4 58. Ra5 Rd5 59. Ra7 Rd3+ 60. Kf4
Rd4+ 61. Kf3 f6 62. Ra5 Rd5 63. Ra4 Rc5 64. Rb4 Kd5 65. g4 Ke6 66. gxh5 Rxh5
67. Kg4 Rd5 68. Re4+ Kf7 69. Ra4 Kg7 70. Ra8 Rd3 71. Ra4 Kh6 72. Ra6 f5+ 73.
Kf4 Rh3 0-1

[Event "51smm A Deutschnofen-Klausen"]
[Site "?"]
[Date "2020.02.21"]
[Round "8.2"]
[White "Micheli, Carlo"]
[Black "Seebacher, Michael"]
[Result "0-1"]
[WhiteElo "2236"]
[BlackElo "1978"]
[PlyCount "50"]
[EventDate "2020.02.21"]

1. e4 e5 2. Nf3 Nc6 3. c3 Nf6 4. d4 d5 5. Bb5 Bg4 6. Qa4 Bd7 7. exd5 Nxd5 8.
dxe5 a6 9. Be2 Qe7 10. Qb3 Nb6 11. Bf4 O-O-O 12. O-O f6 13. Re1 Nxe5 14. Bxe5
fxe5 15. a4 Be6 16. Qc2 Qf6 17. Nbd2 Bf5 18. Ne4 Bd6 19. a5 Bxe4 20. Qxe4 Nd7
21. b4 Qf4 22. Bc4 h6 23. Be6 Rhe8 24. Qg6 Re7 25. Re4 Rxe6 0-1